| 000 | 00651cab a2200229 4500 | ||
|---|---|---|---|
| 001 | WB3241-53 | ||
| 008 | 090401t1996 xxu||||| |||| 00| 0 eng d | ||
| 035 | _a(Sirsi) u40020 | ||
| 041 | _aeng | ||
| 245 | _aExtra EU aid for beef farmers | ||
| 260 | _c1996 | ||
| 350 | _a0 | ||
| 490 |
_aDaily Telegraph _v31 October 1996, 2(1) |
||
| 520 | _aBritish famers are to receive 13.1 per cent of a £435m package of extra EU aid for European famers hit by the beef crisis. | ||
| 650 | _aBEEF INDUSTRY | ||
| 650 | _aEUROPEAN AID | ||
| 650 | _aEUROPEAN UNION | ||
| 650 | _aFARMERS | ||
| 690 | _aRURAL PRACTICE | ||
| 942 | _n0 | ||
| 948 | _c04/03/1997 | ||
| 999 |
_c25627 _d25627 |
||